MARC details
| 000 -CABECERA |
| campo de control de longitud fija |
02567nam a22004217a 4500 |
| 003 - IDENTIFICADOR DEL NÚMERO DE CONTROL |
| campo de control |
DO-SdBNP |
| 005 - FECHA Y HORA DE LA ÚLTIMA TRANSACCIÓN |
| campo de control |
20260116073830.0 |
| 008 - DATOS DE LONGITUD FIJA--INFORMACIÓN GENERAL |
| campo de control de longitud fija |
110301s2007 sp 000 0 spa d |
| 020 ## - NÚMERO INTERNACIONAL ESTÁNDAR DEL LIBRO |
| Número Internacional Estándar del Libro |
9788449422553 (O.C) |
| 020 ## - NÚMERO INTERNACIONAL ESTÁNDAR DEL LIBRO |
| Número Internacional Estándar del Libro |
9788449422560 (v. I) |
| 020 ## - NÚMERO INTERNACIONAL ESTÁNDAR DEL LIBRO |
| Número Internacional Estándar del Libro |
9788449422577 (v. 2) |
| 020 ## - NÚMERO INTERNACIONAL ESTÁNDAR DEL LIBRO |
| Número Internacional Estándar del Libro |
97884494222584 (v. 3) |
| 020 ## - NÚMERO INTERNACIONAL ESTÁNDAR DEL LIBRO |
| Número Internacional Estándar del Libro |
9788449422591 (v. 4) |
| 020 ## - NÚMERO INTERNACIONAL ESTÁNDAR DEL LIBRO |
| Número Internacional Estándar del Libro |
9788449422607 (v. 5) |
| 020 ## - NÚMERO INTERNACIONAL ESTÁNDAR DEL LIBRO |
| Número Internacional Estándar del Libro |
9788449422614 (v. 6) |
| 020 ## - NÚMERO INTERNACIONAL ESTÁNDAR DEL LIBRO |
| Número Internacional Estándar del Libro |
9788449422621 (v. 7) |
| 020 ## - NÚMERO INTERNACIONAL ESTÁNDAR DEL LIBRO |
| Número Internacional Estándar del Libro |
9788449422638 (v. 8) |
| 040 ## - FUENTE DE LA CATALOGACIÓN |
| Centro catalogador/agencia de origen |
DO-SdBNP |
| Lengua de catalogación |
spa |
| Centro/agencia transcriptor |
BNPHU |
| 082 #4 - NÚMERO DE LA CLASIFICACIÓN DECIMAL DEWEY |
| Número de clasificación |
302.2 |
| Número de documento/Ítem |
B582p |
| Número de edición |
22 |
| 245 00 - MENCIÓN DE TÍTULO |
| Título |
Biblioteca práctica de comunicación / |
| Mención de responsabilidad, etc. |
edición, José Ma. Díaz de Mendivil ; dirección, Carlos de Gispert |
| 246 34 - FORMA VARIANTE DE TÍTULO |
| Título propio/Titulo breve |
Máster biblioteca práctica de comunicación |
| 260 ## - PUBLICACIÓN, DISTRIBUCIÓN, ETC. |
| Lugar de publicación, distribución, etc. |
Barcelona, España : |
| Nombre del editor, distribuidor, etc. |
Oceano, |
| Fecha de publicación, distribución, etc. |
2007. |
| 300 ## - DESCRIPCIÓN FÍSICA |
| Extensión |
8 v. : |
| Dimensiones |
24 cm. |
| Material acompañante/anejo |
+ CD ROOM |
| 505 0# - NOTA DE CONTENIDO CON FORMATO |
| Información miscelánea |
v.1. |
| -- |
Autodominio -- |
| Título |
El conocimiento de uno mismo -- |
| -- |
Cómo mejorar la autoestima -- |
| -- |
Cómo mejorar la seguridad en uno mismo-- |
| Información miscelánea |
v. 2 -- |
| -- |
Aprendizaje -- |
| Título |
La capacidad de aprender -- |
| -- |
El aprendizaje de calidad -- |
| -- |
El estudio -- |
| Información miscelánea |
v. 3 -- |
| -- |
Lectura y memorización -- |
| Título |
La memoria -- |
| -- |
La lectura -- |
| -- |
Ejercicios complementarios -- |
| Información miscelánea |
v. 4 -- |
| -- |
Expresión oral -- |
| Título |
La comunicación humana -- |
| -- |
Las situaciones de comunicación -- |
| -- |
Soluciones a los ejercicios -- |
| Información miscelánea |
v. 5 -- |
| -- |
Expresión escrita -- |
| Título |
La preparación y el estilo -- |
| -- |
Escribir en clase -- |
| -- |
Escribir en el trabajo -- |
| -- |
Escribir en sociedad -- |
| Información miscelánea |
v. 6 -- |
| -- |
Vocabulario -- |
| Título |
El significado de las palabras -- |
| -- |
¿Cómo se forman las palabras? -- |
| -- |
Los diccionarios -- |
| -- |
Soluciones a los ejercicios -- |
| Información miscelánea |
v. 7 -- |
| -- |
Gramática -- |
| Título |
Las partes de la oración -- |
| -- |
La oración -- |
| -- |
Soluciones a los ejercicios -- |
| -- |
Análisis de las oraciones -- |
| Información miscelánea |
v. 8 -- |
| -- |
Ortografía -- |
| Título |
Nociones generales -- |
| -- |
Los errores más comunes -- |
| -- |
La acentuación -- |
| -- |
La puntuación / |
| 590 ## - NOTA LOCAL (RLIN) |
| Nota local |
Inventariado, 2022/ YL |
| 650 #4 - PUNTO DE ACCESO ADICIONAL DE MATERIA--TÉRMINO DE MATERIA |
| Término de materia o nombre geográfico como elemento de entrada |
Comunicación oral |
| 9 (RLIN) |
81619 |
| Subdivisión general |
Problemas, ejercicios, etc. |
| 650 #4 - PUNTO DE ACCESO ADICIONAL DE MATERIA--TÉRMINO DE MATERIA |
| Término de materia o nombre geográfico como elemento de entrada |
Hablar en público |
| Subdivisión general |
Problemas, ejercicios, etc. |
| 9 (RLIN) |
81620 |
| 650 #4 - PUNTO DE ACCESO ADICIONAL DE MATERIA--TÉRMINO DE MATERIA |
| Término de materia o nombre geográfico como elemento de entrada |
Ortografía |
| Subdivisión general |
Problemas, ejercicios, etc. |
| 9 (RLIN) |
9599 |
| 650 #0 - PUNTO DE ACCESO ADICIONAL DE MATERIA--TÉRMINO DE MATERIA |
| Término de materia o nombre geográfico como elemento de entrada |
Autoestima |
| Subdivisión general |
Gramática. |
| 9 (RLIN) |
212 |
| 650 #4 - PUNTO DE ACCESO ADICIONAL DE MATERIA--TÉRMINO DE MATERIA |
| Término de materia o nombre geográfico como elemento de entrada |
Español |
| 9 (RLIN) |
81621 |
| Subdivisión general |
Ortografía. |
| 650 #4 - PUNTO DE ACCESO ADICIONAL DE MATERIA--TÉRMINO DE MATERIA |
| Término de materia o nombre geográfico como elemento de entrada |
Ortografía. |
| Subdivisión general |
Problemas, ejercicios, etc. |
| 9 (RLIN) |
81623 |
| 650 #4 - PUNTO DE ACCESO ADICIONAL DE MATERIA--TÉRMINO DE MATERIA |
| Término de materia o nombre geográfico como elemento de entrada |
Composición y ejercicios. |
| Subdivisión de forma |
Problemas, ejercicios, etc. |
| 9 (RLIN) |
81624 |
| 700 12 - PUNTO DE ACCESO ADICIONAL--NOMBRE DE PERSONA |
| Nombre de persona |
Díaz de Mendivil , José Ma. |
| Término indicativo de función/relación |
ed. |
| 9 (RLIN) |
81625 |
| 700 12 - PUNTO DE ACCESO ADICIONAL--NOMBRE DE PERSONA |
| Nombre de persona |
Gispert, Carlos de, |
| Término indicativo de función/relación |
ed. |
| 9 (RLIN) |
33561 |
| 700 12 - PUNTO DE ACCESO ADICIONAL--NOMBRE DE PERSONA |
| Nombre de persona |
Gispert, Carlos de |
| 9 (RLIN) |
33561 |
| 910 ## - DATOS DE OPCIÓN DEL USUARIO (OCLC) |
| Datos de opción del usuario |
YLockward/Validado. Control de calidad MFF |
| 942 ## - ELEMENTOS DE PUNTO DE ACCESO ADICIONAL (KOHA) |
| Fuente del sistema de clasificación o colocación |
Dewey Decimal Classification |
| Tipo de ítem Koha |
Libro |